000 01198nam a2200505Ia 4500
001 7355
005 20240113234010.0
007 ta
008 050705s1985 a g b000 u 465 u
020 _cHB
040 _aCoptton College,Assa
041 _a465
082 _a560
_bWo 861 Pa
100 _aWoods, Henry .
245 0 _aPalaeontology: Invertebrate /
_cHenry Woods.
_hTextual Documents
250 _a8th ed. /
260 _aDelhi :
_bCBS Publishers & Distributors ,
_c1985.
300 _a477p. :
_bill. ;
_c16 cm .
653 _aT/G-Geology
653 _aPalaeontology-Invertebrate
653 _aInvertebrate-Palaeontology
653 _aFossils
653 _aHistorical geology
653 _aPG-Geology
653 _aG-Geology
653 _aPalaeontology
653 _aT/G-Zoology
942 _2ddc
_cBK
999 _c7342
_d7342